banner-ar

The Bible As History / (Record no. 17066)

MARC details
000 -الفاتح
حقل البيانات ثابتة الطول 00604nam a2200241Ia 4500
008 - عناصر البيانات ثابتة الطول - معلومات عامة
حقل البيانات ثابتة الطول 140319s9999 xx 000 0 eng d
040 ## - مصدر الفهرسة
وكالة الفهرسة الأصلية GCL /
وكالة النسخ GCL
082 04 - رقم تصنيف ديوى العشرى
رقم التصنيف 220
رقم المادة K B
100 1# - المدخل الرئيسى - إسم شخصى
الإسم الشخصى KELLER, WERNER
245 10 - بيان العنوان
العنوان The Bible As History /
بيان المسئوليه,etc KELLER, WERNER
700 1# - المدخل الاضافى - اسم شخصى
الإسم الشخصى REHORK, JOACHIM
700 1# - المدخل الاضافى - اسم شخصى
الإسم الشخصى RASNUSSEN
260 ## - PUBLICATION, DISTRIBUTION, ETC. (IMPRINT)
تاريخ النشر أو التوزيع 1982
300 ## - الوصف المادى
التعداد 465 P
650 04 - المدخل الاضافى بالموضوع-مصطلح موضوعى
مصطلح موضوعي NEW TESTAMENT
650 04 - المدخل الاضافى بالموضوع-مصطلح موضوعى
مصطلح موضوعي HISTORY
650 04 - المدخل الاضافى بالموضوع-مصطلح موضوعى
مصطلح موضوعي SINAI
650 04 - المدخل الاضافى بالموضوع-مصطلح موضوعى
مصطلح موضوعي JERUSALEM - CHURCHES
650 04 - المدخل الاضافى بالموضوع-مصطلح موضوعى
مصطلح موضوعي BIBLE .O.T - INTERPRETATION
650 04 - المدخل الاضافى بالموضوع-مصطلح موضوعى
مصطلح موضوعي OLD TESTAMENT
942 ## - عناصر المدخل الإضافي( كوها)
مصدر التصنيف او مخطط الترفيف Dewey Decimal Classification
Koha [default] item type كتاب
260 ## - PUBLICATION, DISTRIBUTION, ETC. (IMPRINT)
-- [S.N] :
-- BANTAM BOOKS ،
Holdings
حالة التراجع حالة الفقد حالة تلف ليس للاعارة المكان المؤقت الموقع الحالى تاريخ الاكتساب اجمالي اﻻعارات رقم الطلب الباركود تاريخ اخر مشاهدة تاريخ تفعيل السعر نوع وعاء كوها
        مكتبة القاهرة الكبرى مكتبة القاهرة الكبرى 03/26/2014   220\K B 30804 03/26/2014 03/26/2014 كتاب

Powered By

EGPV